[Event "Lovsprings op 06th E"]
[Site "Ringsted"]
[Date "1994.05.22"]
[Round "7"]
[White "Riise, Kim"]
[Black "Larsen, Anders Mosby"]
[Result "1-0"]
[WhiteElo "1308"]
[BlackElo "1204"]
[PlyCount "50"]
[EventDate "1994.03.27"]
[EventType "swiss"]
[EventRounds "7"]
[EventCountry "DEN"]
[SourceTitle "EXT 2023"]
[Source "ChessBase"]
[SourceDate "2022.10.05"]
[SourceVersion "1"]
[SourceVersionDate "2022.10.05"]
[SourceQuality "1"]

1. Nf3 d5 2. g3 Bf5 3. Bg2 e6 4. d4 Be7 5. 0-0 Be4 6. Nbd2 Nf6 7. Nxe4 Nxe4 8. Nd2 Nxd2 9. Bxd2 Nc6 10. c3 h5 11. e4 Qd7 12. exd5 exd5 13. Qf3 0-0-0 14. Qxf7 h4 15. Rae1 hxg3 16. fxg3 Kb8 17. Qe6 Qe8 18. Qg4 Qh5 19. Qxh5 Rxh5 20. b4 Bf6 21. Bf4 Rhh8 22. b5 Na5 23. Be5 Rhe8 24. Bxf6 Rxe1 25. Bxd8 Rxf1+ 1-0